Statistics for Members of the US House of Representatives (118th Congress)

Click here to take the quiz!

General Stats

  • This quiz has been taken 439 times
    (23 since last reset)
  • The average score is 175 of 430

Answers on the Map

Answers color-coded by a green-red scale on the quiz's map according to % correct below.
 

Answer Stats

StateDistrictRepresentative% Correct
9Adam Smith
82%
9Al Green
82%
2Bennie Thompson
82%
Utah1Blake Moore
82%
4Chris Smith
82%
5Dale Strong
82%
South DakotaAt-largeDusty Johnson
82%
4Gwen Moore
82%
4Hank Johnson
82%
2Jared Golden
82%
8Jason Smith
82%
4Mike Johnson
82%
14Alexandria Occasio-Cortez
73%
2Alex Mooney
73%
5Andy Biggs
73%
12Barbara Lee
73%
21Elise Stefanik
73%
6John Rose
73%
3Lauren Boebert
73%
Iowa1Mariannette Miller-Meeks
73%
AlaskaAt-largeMary Peltola
73%
3Michael Guest
73%
11Nancy Pelosi
73%
9Paul Gosar
73%
4Robert Aderholt
73%
3Ruben Gallego
73%
Montana1Ryan Zinke
73%
18Sheila Jackson Lee
73%
3Susie Lee
73%
7Abigail Spanberger
64%
3Adrian Smith
64%
Maryland1Andy Harris
64%
3Andy Kim
64%
16Anna Eshoo
64%
7Ayanna Pressley
64%
Georgia1Buddy Carter
64%
19Byron Donalds
64%
25Debbie Wasserman Schultz
64%
Hawaii1Ed Case
64%
2Eli Crane
64%
14Eric Swalwell
64%
2French Hill
64%
8Hakeem Jeffries
64%
5Ilhan Omar
64%
2Jake LaTurner
64%
23Jay Obernolte
64%
2Jim McGovern
64%
5Katherine Clark
64%
41Ken Calvert
64%
5Lori Chavez-DeRemer
64%
7Mark E. Green
64%
15Mary Miller
64%
8Matt Cartwright
64%
2Matt Rosendale
64%
South Carolina1Nancy Mace
64%
18Pat Ryan
64%
Massachusetts1Richard Neal
64%
3Sharice Davids
64%
11Shontel Brown
64%
Louisiana1Steve Scalise
64%
12Summer Lee
64%
7Terri Sewell
64%
2Troy Carter
64%
40Young Kim
64%
4Aaron Bean
55%
13Anna Paulina Luna
55%
2Ashley Hinson
55%
2Barry Moore
55%
3Bobby Scott
55%
12Bonnie Watson Coleman
55%
22Brandon Williams
55%
2Brendan Boyle
55%
Pennsylvania1Brian Fitzpatrick
55%
West Virginia1Carol Miller
55%
5Cathy McMorris Rodgers
55%
11Chuck Edwards
55%
32Colin Allred
55%
2Dan Crenshaw
55%
9Dan Meuser
55%
4Dan Newhouse
55%
7Danny K. Davis
55%
13David Scott
55%
6David Trone
55%
22David Valadao
55%
8Debbie Lesko
55%
3Dwight Evans
55%
Indiana1Frank J. Mrvan
55%
6Gary Palmer
55%
15Glenn Thompson
55%
5Gregory Meeks
55%
5Hal Rogers
55%
WyomingAt-largeHarriet Hageman
55%
Michigan1Jack Bergman
55%
5Jahana Hayes
55%
4Jake Auchincloss
55%
8Jamie Raskin
55%
14Jeff Jackson
55%
3Jim Banks
55%
21Jim Costa
55%
4Jim Himes
55%
9Josh Harder
55%
6Juan Ciscomani
55%
7Max Miller
55%
10Maxwell Frost
55%
3Mike Rogers
55%
New York1Nick LaLota
55%
5Nikema Williams
55%
33Pete Aguilar
55%
12Rashida Tlaib
55%
12Rick W. Allen
55%
2Robin Kelly
55%
8Rob Menendez
55%
3Rosa DeLauro
55%
50Scott Peters
55%
5Stephanie Bice
55%
8Stephen F. Lynch
55%
3Teresa Leger Fernandez
55%
3Thomas Suozzi
55%
4Tom Cole
55%
6Tom Emmer
55%
23Tony Gonzalez
55%
Mississippi1Trent Kelly
55%
5Victoria Spartz
55%
30Adam Schiff
45%
6Ami Bera
45%
6Andy Barr
45%
2Annie Kuster
45%
4Anthony D'Esposito
45%
VermontAt-largeBecca Balint
45%
5Bob Good
45%
Maine1Chellie Pingree
45%
17Chris Deluzio
45%
New Hampshire1Chris Pappas
45%
3Clay Higgins
45%
Missouri1Cori Bush
45%
8Dan Bishop
45%
10Dan Goldman
45%
48Darrell Issa
45%
Arizona1David Schweikert
45%
3Dean Phillips
45%
6Debbie DIngell
45%
Colorado1Diana DeGette
45%
Tennessee1Dina Harshbarger
45%
2Don Bacon
45%
California1Doug LaMalfa
45%
2Dutch Ruppersberger
45%
5Emanuel Cleaver
45%
Rhode Island1Gabe Amo
45%
2Gabe Vasquez
45%
4Glenn Ivey
45%
31Grace Napolitano
45%
35Greg Casar
45%
4Greg Stanton
45%
16Jamaal Bowman
45%
2Jeff Van Drew
45%
2Jen Kiggans
45%
Alabama1Jerry Carl
45%
12Jerry Nadler
45%
2Jill Tokuda
45%
4Jim Jordan
45%
20Joaquin Castro
45%
2Joe Courtney
45%
2Joe Neguse
45%
3John Curtis
45%
Illinois1Jonathan Jackson
45%
5Josh Gottheimer
45%
14Kathy Castor
45%
North DakotaAt-largeKelly Armstrong
45%
3Kevin Kiley
45%
7Kweisi Mfume
45%
15Lauel Lee
45%
DelawareAt-largeLisa Blunt-Rochester
45%
7Lizzie Fletcher
45%
7Lucy McBath
45%
4Madeleine Dean
45%
33Marc Veasey
45%
27María Elvira Salazar
45%
3Marie Gluesenkamp Perez
45%
4Mark Alford
45%
10Mark DeSaulnier
45%
5Mary Gay Scanlon
45%
Florida1Matt Gaetz
45%
43Maxine Waters
45%
45Michelle Steele
45%
15Mike Carey
45%
10Mike Collins
45%
27Mike Garcia
45%
16Mike Kelly
45%
17Mike Lawler
45%
11Nicole Malliotakis
45%
2Rick Larsen
45%
25Roger Williams
45%
17Ro Khanna
45%
4Ron Estes
45%
Idaho1Russ Fulcher
45%
24Salud Carbajal
45%
2Sanford Bishop
45%
4Scott DesJarlis
45%
18Scott Franklin
45%
2Seth Magaziner
45%
3Steve Womack
45%
Washington1Susan DelBene
45%
26Tim Kennedy
45%
8Warren Davidson
45%
3Zach Nunn
45%
13Adriano Espaillat
36%
12Alma Adams
36%
5Andy Ogles
36%
2Angie Craig
36%
2Ann Wagner
36%
8Austin Scott
36%
4Bill Huizenga
36%
9Bill Keating
36%
9Bill Pascrell
36%
36Brian Babin
36%
21Brian Mast
36%
7Brittany Pettersen
36%
4Bruce Westerman
36%
28Carlos Giménez
36%
3Cat Cammack
36%
2Celeste Malloy
36%
3Chuck Fleischmann
36%
2Cliff Bentz
36%
3Derrick Van Orden
36%
8Don Beyer
36%
North Carolina1Don Davis
36%
7Doris Matsui
36%
3Earl Blumenauer
36%
7Eric Burlison
36%
3Frank Lucas
36%
24Frederica Wilson
36%
6Grace Meng
36%
6Greg Pence
36%
17Greg Steube
36%
28Henry Cuellar
36%
3Hillary Scholten
36%
6Jason Crow
36%
4Jesús "Chuy" García
36%
6Jim Clyburn
36%
19Jodey Arrington
36%
2Joe Wilson
36%
Connecticut1John B. Larson
36%
31John Carter
36%
13John Duarte
36%
8John Garamendi
36%
10John James
36%
5John Rutherford
36%
3Joyce Beatty
36%
28Judy Chu
36%
26Julia Brownley
36%
47Katie Porter
36%
Oklahoma1Kevin Hern
36%
15Kevin Mullin
36%
14Lauren Underwood
36%
38Linda Sánchez
36%
22Lois Frankel
36%
9Marcy Kaptur
36%
14Marjorie Taylor Greene
36%
2Mark Amodei
36%
39Mark Takano
36%
New Mexico1Melanie Stansbury
36%
Minnesota7Michelle Fischbach
36%
12Mike Bost
36%
Nebraska1Mike Flood
36%
2Mike Simpson
36%
4Mike Thompson
36%
10Mike Turner
36%
15Monica De La Cruz
36%
44Nanette Barragán
36%
2Neal Dunn
36%
13Nikki Budzinski
36%
35Norma Torres
36%
10Patrick McHenry
36%
4Randy Feenstra
36%
7Raúl Grijalva
36%
9Richard Hudson
36%
6Rich McCormick
36%
15Ritchie Torres
36%
42Robert Garcia
36%
Virginia1Rob Wittman
36%
13Ronny Jackson
36%
6Sam Graves
36%
6Seth Moulton
36%
20Sheila Cherfilus-McCormick
36%
13Shri Thanedar
36%
7Suzan WIld
36%
29Sylvia Garcia
36%
36Ted Lieu
36%
4Thomas Massie
36%
2Tim Burchett
36%
5Tom McClintock
36%
29Tony Cárdenas
36%
34Vincente Gonzalez
36%
4William Timmons
36%
9Yvette Clarke
36%
18Zoe Lofgren
36%
9Andrew Clyde
27%
2Andrew Garbarino
27%
6Ben Cline
27%
11Bill Foster
27%
Wisconsin1Bryan Steil
27%
4Burgess Owens
27%
21Chip Roy
27%
6Chrissy Houlahan
27%
11Daniel Webster
27%
8Dan Kildee
27%
14David Joyce
27%
7David Rouzer
27%
16Derek LaHood
27%
Nevada1Dina Titus
27%
New Jersey1Donald Norcross
27%
5Doug Lamborn
27%
3Drew Ferguson
27%
7Elissa Slotkin
27%
6Frank Pallone
27%
11Gerry Connolly
27%
3Greg Murphy
27%
12Gus Bilirakis
27%
14Guy Reschenthaler
27%
11Haley Stevens
27%
6Jake Ellzey
27%
23Jared Moskowitz
27%
30Jasmine Crockett
27%
3Jeff Duncan
27%
4Jennifer McClellan
27%
10Jennifer Wexton
27%
4Jim Baird
27%
34Jimmy Gomez
27%
13John Joyce
27%
3John Sarbanes
27%
25Joseph Morelle
27%
2Josh Brecheen
27%
52Juan Vargas
27%
6Kathy Manning
27%
8Kim Schrier
27%
9Lisa McClain
27%
37Lloyd Doggett
27%
11Lloyd Smucker
27%
3Lori Trahan
27%
46Lou Correa
27%
19Marc Molinaro
27%
26Mario Díaz-Balart
27%
10Michael McCaul
27%
6Michael Waltz
27%
49Mike Levin
27%
20Paul Tonko
27%
8Pete Stauber
27%
8Raja Krishnamoorthi
27%
Arkansas1Rick Crawford
27%
2Rudy Yakym
27%
7Russel Fry
27%
10Scott Perry
27%
6Sean Casten
27%
5Steny Hoyer
27%
9Steve Cohen
27%
4Steven Horsford
27%
Oregon1Suzanne Bonamici
27%
37Sydney Kamlager-Dove
27%
7Thomas Kean Jr.
27%
5Tim Walberg
27%
16Veronica Escobar
27%
5Virginia Foxx
27%
38Wesley Hunt
27%
8Yadira Caraveo
27%
6Andrea Salinas
18%
7André Carson
18%
11Barry Loudermilk
18%
24Beth Van Duyne
18%
4Betty McCollum
18%
8Bill Posey
18%
3Blaine Luetkemeyer
18%
5Bob Latta
18%
10Brad Schneider
18%
32Brad Sherman
18%
2Brett Guthrie
18%
7Corey Mills
18%
9Darren Soto
18%
2Deborah Ross
18%
17Eric Sorenson
18%
9Erin Houchin
18%
6Garret Graves
18%
Ohio1Greg Landsman
18%
Kentucky1James Comer
18%
9Jan Schakowsky
18%
2Jared Huffman
18%
19Jimmy Panetta
18%
2John Moolenar
18%
5Julia Letlow
18%
12Kay Granger
18%
8Larry Bucshon
18%
26Michael C. Burgess
18%
4Mike Ezell
18%
5Mike Quigley
18%
8Morgan Luttrell
18%
3Morgan McGarvey
18%
Texas1Nathaniel Moran
18%
23Nick Langworthy
18%
7Nydia Velázquez
18%
17Pete Sessions
18%
7Pramila Jayapal
18%
5Ralph Norman
18%
25Raul Ruiz
18%
51Sara Jacobs
18%
5Scott Fitzgerald
18%
Kansas1Tracey Mann
18%
12Troy Balderson
18%
22Troy Nehls
18%
13Wiley Nickel
18%
Minnesota1Brad Finstad
9%
24Claudia Tenney
9%
3Delia Ramirez
9%
13Emilia Sykes
9%
3Keith Self
9%
2Mark Pocan
9%
27Michael Cloud
9%
11Mikie Sherrill
9%
9Morgan Griffith
9%
4Pat Fallon
9%
7Tom Tiffany
9%
4Valerie Foushee
9%
4Val Hoyle
9%
16Vern Buchanan
9%
11August Pfluger
0%
2Brad Wenstrup
0%
8David Kustoff
0%
6Derek Kilmer
0%
6Glenn Grothman
0%
5Lance Gooden
0%
10Marilyn Strickland
0%
14Randy Weber
0%

Score Distribution

Percentile by Number Answered

Percent of People with Each Score

Your Score History

You have not taken this quiz since the last reset